书目信息 |
| 题名: |
英语语法多面观
|
|
| 作者: | 黄和斌 著 | |
| 分册: | ||
| 出版信息: | 南京 东南大学出版社 2003.5 |
|
| 页数: | 316页 | |
| 开本: | 21cm | |
| 丛书名: | ||
| 单 册: | ||
| 中图分类: | ||
| 科图分类: | ||
| 主题词: | 英语--语法 , 英语 , 语法 | |
| 电子资源: | ||
| ISBN: | 7-81089-199-5 | |
| 000 | 00660nam0 2200253 45 | |
| 001 | 012004000000 | |
| 005 | 20050421152321.91 | |
| 010 | @a7-81089-199-5@dCNY 17.00 | |
| 100 | @a20040920d2003 em y0chiy0121 ea | |
| 101 | 0 | @achi@aeng |
| 102 | @aCN@b320000 | |
| 105 | @aa z 000yy | |
| 200 | 1 | @a英语语法多面观@Aying yu yu fa duo mina guan@f黄和斌著 |
| 210 | @a南京@c东南大学出版社@d2003.5 | |
| 215 | @a316页@c图表@d21cm | |
| 320 | @a本书含参考文献 | |
| 606 | 0 | @a英语@x语法 |
| 606 | 0 | @a英语 |
| 606 | 0 | @a语法 |
| 690 | @v4 | |
| 690 | @aH314@v3 | |
| 701 | 0 | @a黄和斌@Ahuang he bin@4著 |
| 801 | 0 | @aCN@bQSSKlw@c20050421 |
| 905 | @a10447@dH314@eH830 | |
| 英语语法多面观/黄和斌著.-南京:东南大学出版社,2003.5 |
| 316页:图表;21cm |
| ISBN 7-81089-199-5:CNY 17.00 |
| ● |
| 相关链接 |
|
|
|
正题名:英语语法多面观
索取号:H314/H830
 
预约/预借
| 序号 | 登录号 | 条形码 | 馆藏地/架位号 | 状态 | 备注 |
| 1 | 441631 | 204416319 | 语言库209/209语言库 34排7列6层/ [索取号:H314/H830] | 在馆 | |
| 2 | 441632 | 204416328 | 语言库209/209语言库 34排7列6层/ [索取号:H314/H830] | 在馆 | |
| 3 | 441633 | 204416337 | 语言库209/209语言库 34排7列6层/ [索取号:H314/H830] | 在馆 |